| 000 | 00548nam a22001457a 4500 | ||
|---|---|---|---|
| 040 | _cMCS (NUST) | ||
| 082 | _a005.8,SUH | ||
| 100 |
_aSabah Suhail _9121319 |
||
| 245 |
_aA Highly Robust Watermarking Technique for Right Protection of Relational Database / _cSabah Suhail |
||
| 260 |
_aRawalpindi _bMCS (NUST) _cMar 2012 |
||
| 300 | _aviii,51 p, | ||
| 505 | _aIntroduction (Page-1), Literature Review (Page-11), Methodology (Page-19), Attacks Analysis (Page-30), Conclusion (Page-46). | ||
| 650 |
_aPG Thesis _935000 |
||
| 942 |
_2ddc _cTHE _k005.8,SUH |
||
| 999 |
_c608174 _d608174 |
||